[Event "Zuerich op-A 31th"]
[Site "Zuerich"]
[Date "2007.12.29"]
[Round "6"]
[White "Jenni, Florian"]
[Black "Pelletier, Yannick"]
[Result "0-1"]
[WhiteElo "2530"]
[BlackElo "2609"]
[Annotator "Pelletier,Y"]
[PlyCount "64"]
[EventDate "2007.12.26"]
[EventType "swiss"]
[EventRounds "7"]
[EventCountry "SUI"]
[SourceTitle "CBM 122 Extra"]
[Source "ChessBase"]
[SourceDate "2008.03.04"]
[SourceVersion "1"]
[SourceVersionDate "2008.03.04"]
[SourceQuality "1"]

1. e4 c5 2. Nf3 e6 3. c3 {Zu diesem Zeitpunkt des Turniers hatte Florian Jenni
all seine Partien gewonnen, während ich ein Remis abgegeben hatte. Deshalb
hatte ich erwartet, dass er seine alte Liebe - die solide c3-Variante wählen
würde. Ich hatte eine relativ komplizierte Variante vorbereitet.} Nf6 4. e5 Nd5
5. d4 cxd4 6. cxd4 d6 7. Bc4 Nb6 8. Bb3 dxe5 9. Nxe5 {Natürlich könnte Weiss
mittels 9.dxe5 in ein Damenloses Mittelspiel abwickeln. Aber ganz tot wäre die
Stellung dann noch nicht!} Nc6 10. Nf3 (10. Nxc6 bxc6 {ist die
Hauptfortsetzung, wo beide Seiten ihre Chancen haben.}) 10... Bb4+ ({Diese
komische Fortsetzung hatte ich vor der Partie kurz vorbereitet. Nach dem
normaleren} 10... Be7 11. Nc3 O-O 12. O-O Nb4 13. Re1 {gefällt mir der Nb6
aber nicht besonders.}) 11. Nc3 Na5 12. Bg5 ({Als Florian hier über seinen Zug
nachdachte, verstand ich, dass Weiss nach} 12. Bc2 Nd5 13. O-O $1 {den Bauern
opfern könnte, und dafür gute Kompensation bekommen würde. In einer Partie
Sedina-Sax geschah} Bxc3 14. bxc3 Qc7 {, wonach Weiss mittels} 15. Ba4+ $5 {
[%csl Re8] oder 15.Ne5!? klaren Vorteil erhalten.}) 12... f6 ({Weiss würde im
folgenden Endspiel starken Druck üben können:} 12... Qc7 13. Rc1 h6 14. Bh4
Nxb3 15. Qxb3 Qc4 16. Qxc4 Nxc4 17. a3 Bxc3+ 18. Rxc3 Nxb2 19. Ne5 $44) 13. Bf4
(13. Bd2 O-O) 13... Nd5 (13... Nxb3 14. Qxb3 Nd5 15. Bd2 O-O 16. Nxd5 Bxd2+ 17.
Nxd2 Qxd5 18. Qxd5 exd5 $14) 14. Bd2 (14. Bxd5 Qxd5 (14... exd5 15. Qa4+ Nc6
16. O-O O-O 17. Qb5 Bxc3 18. bxc3 Na5 $11) 15. Qa4+ Nc6 16. Qxb4 Nxb4 17. Nxd5
exd5 18. Ke2 Bg4 19. h3 Bxf3+ 20. Kxf3 Kd7 $11) 14... Bxc3 15. bxc3 b5 16. O-O
$6 ({Weiss hätte genauer} 16. Qe2 {spielen sollen. Schwarz würde sich dann
weniger gut organisieren können:} Rb8 17. O-O O-O (17... Rb6 18. Qd3 Qc7 19.
Rfe1 O-O 20. Bc2 f5 21. Rac1 Nc4 22. Bb3 $14) 18. Bc2 Nc4 19. Qd3 f5 20. Bb3
Qd6 21. Rfe1 Nxd2 22. Qxd2 $14 {[%csl Ge5]}) 16... O-O 17. Qe2 Bd7 {Dieser Zug
wäre nach 16.Qe2 wegen der Fesselung auf der e-Linie unmöglich gewesen.} 18.
Bc2 Qe8 $1 (18... Nc4 19. Qd3 f5 20. Bb3 Rc8 $11) 19. a4 (19. Qd3 Qg6 $5 20.
Qxg6 hxg6 21. Bxg6 Nc4 $132) 19... a6 ({Möglich war auch} 19... Nc4 20. axb5
Bxb5 21. Bd3 Rc8 (21... Nxd2 22. Qxd2 Bxd3 (22... Qc6 23. c4 Bxc4 24. Rfc1 Nb6
25. Bxc4 Nxc4 26. Qa2 $18) 23. Qxd3 $14) 22. Rfc1 $5 (22. Rxa7 Nxd2 23. Nxd2
Nxc3 (23... Nf4 $2 24. Qg4) 24. Qg4 Rf7 $11) 22... Rf7 $13) 20. axb5 ({Nach} 
20. Rfe1 Nc4 21. axb5 Bxb5 22. Bc1 Rc8 23. Qe4 f5 24. Qxe6+ Qxe6 25. Rxe6 Nxc3
{wären die Chancen verteilt.}) 20... axb5 ({Objektiv war} 20... Bxb5 21. Bd3
Bxd3 22. Qxd3 Nb3 23. Rxa6 Rxa6 24. Qxa6 Qc8 $1 $11 {besser...aber auch Remis.
Im Gewinnsinne musste ich nach einer riskanten Alternative suchen.}) 21. Qe4 $6
({Florian übersah meine Ressource, sonst hätte er wohl eine der folgenden
Fortsetzungen gewählt:} 21. Bd3 Nb3 22. Rxa8 Qxa8 23. Bxb5 Bxb5 24. Qxb5 Nxd2
25. Nxd2 Nxc3 $11 {oder}) (21. Rfe1 Nc4 22. Rxa8 Qxa8 23. Qd3 f5 $132) ({
Sei gemerkt, dass} 21. Rxa5 $2 {an dieser Stelle wegen} Rxa5 22. c4 Ra2 23. Bb3
Rb2 {nicht funktionniert.}) 21... Qg6 $1 (21... Qh5 $2 {verliert jetzt wegen}
22. Rxa5 Rxa5 23. c4 f5 24. Qe5 $1 Ra2 25. Bb1 (25. cxd5 Rxc2 26. dxe6 $36)
25... Rxd2 26. cxd5 Rb2 27. dxe6 $18) (21... f5 $6 22. Qd3 Nc4 {ist spielbar,
kam aber nicht in meinen Plänen.}) 22. Qxg6 hxg6 23. Bxg6 $6 (23. Rxa5 Rxa5 24.
c4 Ra2 25. Bb1 Rxd2 26. Nxd2 bxc4 27. Nxc4 Bb5 28. Bd3 Nf4 29. Rb1 Nxd3 30.
Rxb5 Rd8 $15 {würde es dem Nachziehenden erlauben, den Gegner noch ein
bisschen zu quälen.}) ({Eine solidere Variante war aber} 23. Rfd1 Nc4 24. Be1
Kf7 $11) 23... Nb3 {[%csl Rc3] Weiss hat einen Bauern gewonnen, und verfügt
über das Läuferpaar. Trotzdem entfaltet Schwarz eine starke Initiative in
diesem Endspiel, die ihm sogar bessere Aussichten verschafft!} 24. Rxa8 Rxa8
25. Be4 (25. Be3 Rc8 $15) 25... Ra2 ({Auch möglich war} 25... Rc8 26. Bxd5 exd5
27. Rb1 Nxd2 28. Nxd2 Rxc3 29. h4 Kf7 $15 {Aber der Textzug stellt eine kleine
Falle.}) 26. Rd1 $4 ({Nach} 26. Be1 $6 Nc1 $15 {ist Weiss ziemlich gebunden}) (
{Unangenehm aber haltbar wäre seine Stellung nach dem besseren} 26. Bxd5 exd5
27. Bf4 Rc2 ({oder} 27... Bg4 {gewesen})) 26... Nxd2 27. Bxd5 exd5 28. Nxd2 b4
$1 $19 {[%cal Gd7a4] Die von Weiss vergessene Pointe.} 29. Nf1 (29. cxb4 Ba4) (
29. Nb1 b3 30. f3 Bf5) 29... b3 30. Nd2 b2 31. g4 Bxg4 32. f3 Ra1 0-1

[Event "Hoogovens-B"]
[Site "Wijk aan Zee"]
[Date "1998.01.29"]
[Round "9"]
[White "Cherniaev, Alexander"]
[Black "Bosboom, Manuel"]
[Result "0-1"]
[WhiteElo "2465"]
[BlackElo "2450"]
[Annotator "Petursson,M"]
[PlyCount "74"]
[EventDate "1998.01.20"]
[EventType "tourn"]
[EventRounds "11"]
[EventCountry "NED"]
[EventCategory "10"]
[SourceTitle "CBM 063"]
[Source "ChessBase"]
[SourceDate "1998.03.26"]
[SourceVersion "1"]
[SourceVersionDate "1998.03.26"]
[SourceQuality "1"]

1. e4 c5 2. c3 e6 3. d4 d5 4. exd5 exd5 5. Nf3 Nc6 6. Be3 cxd4 7. Nxd4 Bd6 8.
Nd2 Nf6 9. Be2 O-O 10. O-O Re8 11. N2b3 Bb8 12. Re1 Ne4 13. Bf1 Qd6 14. g3 Qg6
15. Bg2 Ne5 16. Bf4 Bd7 17. f3 Nf2 18. Qd2 Nfd3 19. Red1 Nxf4 20. Qxf4 Ng4 21.
Qd2 {[%tqu "En","Can you find a winning move for Black in this position?","Hit
him on the dark squares!","Sacrifice your knight!","g4h2","",18]} Nxh2 22. Nc5
(22. Kxh2 Qxg3+ 23. Kg1 Bf4 24. Qc2 Qh2+ 25. Kf1 Be3 $19) 22... Bxg3 $2 (22...
Qxg3 $1 23. Nxd7 Bf4 24. Qc2 Be3+ 25. Kh1 Nf1 $1 26. Rxf1 Bf4 27. Bh3 Qxh3+ 28.
Kg1 Be3+ 29. Rf2 Qxd7 $19) 23. Nxd7 Re7 24. Nc5 Rae8 25. Qd3 Qb6 26. b4 g6 27.
Qd2 Re3 $13 28. Kh1 $2 Qf6 29. Kg1 Qh4 {Black threatens 30.....Re2! -+} 30. Ne4
$8 {[%tqu "En","Can you find a winning move for Black here?","He closed the e
file and attacks your rook on e3. You must do something about that knight!",
"Sacrifice the exchange so you an play Nh2-g4 next move!","e8e4","",18,"d5e4",
"",0]} R8xe4 $1 (30... dxe4 $2 31. Qxe3 exf3 $2 32. Qxe8+ Kg7 33. Ne6+ $18) 31.
fxe4 Ng4 32. Nf3 Bf2+ 33. Kf1 Qg3 34. Qxd5 Rxf3 35. Qd8+ Kg7 36. Bxf3 Qxf3 37.
Rd3 Nh2# 0-1

[Event "Madrid"]
[Site "Madrid"]
[Date "1994.??.??"]
[Round "5"]
[White "Polgar, Judit"]
[Black "Tiviakov, Sergei"]
[Result "1-0"]
[WhiteElo "2630"]
[BlackElo "2630"]
[Annotator "Polgar,J"]
[PlyCount "83"]
[EventDate "1994.05.??"]
[EventType "tourn"]
[EventRounds "9"]
[EventCountry "ESP"]
[EventCategory "15"]
[SourceTitle "CBM 041"]
[Source "ChessBase"]
[SourceDate "1994.08.01"]
[SourceVersion "1"]
[SourceVersionDate "1994.08.01"]
[SourceQuality "1"]

1. e4 c5 2. c3 d5 3. exd5 Qxd5 4. d4 Nf6 5. Nf3 Nc6 6. Be2 cxd4 7. cxd4 e6 8.
O-O Be7 9. Nc3 Qd6 (9... Qd8) 10. Nb5 Qd8 11. Bf4 (11. Ne5 $5 O-O (11... Bd7
12. Be3 O-O 13. Rc1 Nd5 14. Nxd7 Qxd7 15. Nc3 Rfd8 $10 {Danek-Roeder/Vienna op/
1991/}) 12. Nxc6 bxc6 13. Nc3 Nd5 14. Na4 Bf6 15. Bf3 Rb8 16. b3 Ba6 17. Re1
Bb5 18. Nc5 Nc3 19. Qc2 Bxd4 20. Bb2 Bxc5 21. Qxc3 Qf6 22. Qxf6 gxf6 23. Bxf6
$14 {Braga-Schlosser/Mitropa Cup/1993/}) 11... Nd5 (11... O-O $2 12. Bc7 $1 Qd7
13. Ne5 Nxe5 14. dxe5 Nd5 15. Bd6 $16 {><d6}) 12. Bg3 a6 (12... b6 $2 13. Bc4
$1) (12... O-O 13. Bc4 {Sveshnikov,E-Tiviakov,S/Podolsk/1992/0.5/13/} a6 (13...
Qb6 14. Qe2 a6 15. Nc3 Qa5 {Godena,M-Tiviakov,S/Forli op/1992/0.5/57/}) 14.
Bxd5 exd5 (14... axb5 15. Be4 $1 (15. Bb3 Bf6 16. Be5 Bd7 17. Qe2 Na5 18. Bc2
Bc6 $10 {Schulz-Gheorghiu,F/Altensteig/1987/}) 15... Ra6 $6 16. Qe2 f5 17. Bd3
Ra5 18. Rfd1 Nb4 $13 {Sveshnikov,E-Kortschnoj,V/Biel/1993/}) 15. Nc7 Ra7 {
Looks nice for White} 16. Qb3 Bd6 17. Bxd6 Qxd6 18. Qb6 $1 $14 {Lautier,
J-Polgar,J/Linares/1994/1-0/; Fomin,T-Shulman,Y/St.Petersburg op/1994/1/2-1/2/}
Ra8) 13. Nc3 O-O (13... Nxc3 14. bxc3 b5 {Sveshnikov}) 14. Rc1 (14. Qb3 b6 $6
15. Nxd5 exd5 16. Rac1 {Sveshnikov,E-Micic,C/Chelianinsk/1989/1-0/46/}) (14.
Ne5 $6 Nxc3 15. bxc3 Nxe5 16. Bxe5 Bd6 17. Bxd6 $15 {Harley,AD-Mortavazi,A/
London Simpson/1/2-1/2/1994/}) 14... Nf6 (14... Bd7) (14... Nxc3 $5) 15. h3 {
Preventing 15...Nh5, but Tiviakov didn t intend to play this move.} b6 (15...
Qb6 $6 16. Na4) (15... Nb4 16. Ne5 Nbd5) (15... b5 $5 16. Nxb5 axb5 17. Rxc6
Rxa2 $10) 16. a3 (16. Qd2 {/\17.Rfd1}) 16... Bb7 17. Bd3 (17. Bc4 $5 b5 18. Ba2
b4 19. axb4 Nxb4 20. Bb1 {Now White can t continue with Qd3.}) 17... Rc8 18.
Bb1 b5 $5 19. Qd3 $6 (19. Re1 Na5 20. Ne5 (20. Qe2 Nc4 21. Rcd1 Nxa3 $1)) 19...
Na5 $5 20. Ne5 Nc4 {Black has a good game} 21. Rc2 Nd6 $6 {Provoking f2-f3} (
21... g6 {/\Nf6-d5}) 22. f3 {Preventing 22...Nde4} (22. Re2 Nf5 $1) 22... g6 (
22... Nf5 23. Bf2 Nh5 24. Ne2 $10) 23. Bf2 Re8 24. Ba2 (24. Re2 {/\25.Ne4})
24... Bf8 25. Re2 Bg7 26. Rfe1 (26. Ne4 $2 Nfxe4 27. fxe4 Bxe5 28. dxe5 Nxe4
$17) 26... Nd5 (26... Nh5 $5 27. Qd2 Nc4 28. Nxc4 bxc4 29. Bb1 $13) 27. Nxd5
exd5 {Now Black has a horrible bad bishop on b7, and White a very good one on
a2.} (27... Bxd5 $1 28. Bxd5 exd5 $10) 28. Qd1 {/\Ne5-d3-c5} a5 (28... Rc7 $5 {
/\Rc7-e7}) (28... Nc4 $2 29. Nxf7 $1 $18) 29. h4 Qc7 30. h5 {One Idea is to
open the h-line with 31.h5xg6 and to start an attack in zhe h-line with Kg2
and doubling in the h-line. Additional the Ba2 can go to b1 with the theat to
sacrifice somthing on g6.} Nc4 $2 31. h6 $1 Bxh6 (31... Bf8 $142 32. Ng4 Rxe2
33. Qxe2 $16 {White has an advantage on the black squares.}) (31... Bxe5 32.
dxe5 $18) (31... Bh8 $2 32. Nxc4 Rxe2 33. Qxe2 bxc4 34. Qe8+ Rxe8 35. Rxe8#)
32. Ng4 Rxe2 33. Nxh6+ Kg7 34. Rxe2 $1 (34. Nf5+ $5) (34. Qxe2 Kxh6 35. Bh4 Kg7
$13) 34... Kxh6 35. Qe1 $1 {The key move: /\Re7 and /\Bg3} Kg7 (35... Qd6 36.
Re7 Rc7 37. Rxc7 Qxc7 38. Qc1+ Kg7 39. b3 $18) 36. Re7 Qb6 (36... Qc6 37. Bxc4
dxc4 38. Qe5+ Kg8 39. Be3 Qd5 (39... f6 40. Qh2 $1 h5 41. Qg3 $18) 40. Qf6) 37.
Bxc4 bxc4 38. Qe5+ Kg8 39. Be3 $18 {/\Bh6} f6 40. Qf4 {/\Qh6} Kf8 (40... g5 41.
Qh2 $18) 41. Rxh7 Ke8 42. Qh6 1-0

[Event "Douglas IoM op"]
[Site "Douglas"]
[Date "2017.09.28"]
[Round "6"]
[White "Vishnu, Prasanna V"]
[Black "Kasimdzhanov, Rustam"]
[Result "0-1"]
[WhiteElo "2543"]
[BlackElo "2676"]
[Annotator "Prasanna,V"]
[PlyCount "94"]
[EventDate "2017.09.23"]
[EventType "swiss"]
[EventRounds "9"]
[EventCountry "IOM"]
[SourceTitle "CBM 182"]
[Source "ChessBase"]
[SourceDate "2018.01.17"]
[SourceVersion "1"]
[SourceVersionDate "2018.01.17"]
[SourceQuality "1"]

{Playing against an ex-world champion and trainer/second of world champions I
was not too interested in testing his theoretical knowledge in the Grünfeld.} 
1. c4 {An attempt to avoid the Grünfeld but I was not sure which line he would
choose here.} Nf6 2. Nc3 c5 3. Nf3 d5 4. cxd5 Nxd5 {Most popular for Black and
currently under discussion} 5. e3 e6 (5... Nxc3 6. dxc3 {has led to many
interesting discussions but in endgames.}) 6. Bc4 Nb6 (6... Nc6 {was probably
simpler.}) 7. Bb3 Nc6 8. d4 cxd4 9. exd4 Be7 10. O-O O-O 11. Re1 Bf6 12. Re4 {
It seemed like a very interesting rook lift and I could not resist the
temptation to go for it.} Bd7 13. Ne5 Rc8 14. a3 $5 {The position was of
mutual zugzwang and my intention was to get the queen to g4 or h5, but} ({
it does not work now:} 14. Qg4 Nxd4 15. Rxd4 Bxe5 {as Black has won a pawn.})
14... Be8 15. Qg4 $1 Ne7 (15... Nxd4 16. Rxd4 {of course does not work now.})
16. h4 Bc6 17. Nxc6 Rxc6 ({I was expecting} 17... bxc6 18. Bf4 {with a
balanced position, but Black did not hesistate in taking with the rook. After
the game he said it was simply an intuitive move for him and he did not
consider taking with the pawn seriously.}) 18. Bg5 Bxg5 19. hxg5 Qc7 {I was
pretty happy with my chances here.} 20. Rae1 $6 (20. g3 Rd8 21. Kg2 {with the
idea Rh1 was better giving my queen more squares on the h-file for some reason
I thought that this took longer than bringing it via e3-h3.}) 20... Rd8 21. Qh5
g6 (21... Ng6 {was what I was expecting.} 22. R1e3 Nf4 $1 23. Qh4 Ng6 24. Qh5
$11) 22. Qh3 Nbd5 {A very interesting decision and a curious position.} 23.
Bxd5 (23. Rh4 h5 $1 24. gxh6 ({Reversing the move order:} 24. Nxd5 Nxd5 {
and I can't take en passant anymore!}) 24... Nxc3 25. bxc3 Rxc3 {is fine for
Black.}) 23... Nxd5 24. Qh6 Nxc3 25. bxc3 Rxc3 26. Rh4 Rd5 $1 {Objectively
White is still doing well, but I did not see this idea coming.} (26... f5 27.
gxf6 Rc6 $5 {during the game I was not entirely sure what was going on, but I
felt I should have something here} 28. d5 exd5 29. Re7 $4 Rc1+) 27. Qxh7+ Kf8
28. Qh8+ (28. Re5 $145 $1 Rxe5 29. Qh8+ Ke7 30. dxe5 $16) 28... Ke7 29. Qf6+
Kd6 30. Re5 $2 {It's a pity that a move like this would completely change the
assessment of the position.} ({I had about 5 minutes here and I spent most of
them failing to find something after} 30. Rh8 Rf5 31. Rd8+ Kc6 32. d5+ Kb5 33.
Qd4 Qxd8 34. Qxc3 Qxd5 {and White does not even have a draw here!}) (30. g4 $1
{preventing ...Rf5 with the idea of Rh7 would keep White's advantage.}) 30...
Rxe5 31. dxe5+ Kd5 {A very courageous king which survives by itself. I am
unable to give a check.} 32. Rb4 b6 33. g3 a5 34. Rb2 Kc6 35. Qf4 Kb7 {Black
is much better simply because of better major pieces and safer king! My
opponent did not give me any more chances.} 36. a4 Rc1+ 37. Kh2 Qc6 38. Qxf7+
Ka6 39. f3 Qc3 40. Rg2 Qa1 (40... Qe1 {After the game Kasim confessed he could
not figure out the mate over the board but also that he could not believe that
there was no mate. He should have trusted his intuition because there is a
forced mate:} 41. Kh3 Qh1+ 42. Rh2 (42. Kg4 Rc4+ 43. f4) 42... Qf1+ $1 43. Kg4
(43. Kh4) 43... Rc4+ 44. f4 Qd1+ 45. Kh3 Qh5+ 46. Kg2 Rc2+) 41. Kh3 Rh1+ 42.
Kg4 Qxa4+ 43. Qf4 b5 44. Qxa4 bxa4 45. f4 Kb5 46. Re2 Rf1 47. Kh3 a3 {The more
courageous man or should I say the more courageous king won!} 0-1

[Event "Avoine op 22nd"]
[Site "Avoine"]
[Date "2007.07.25"]
[Round "5"]
[White "Shirazi, Kamran"]
[Black "Debray, Christopher"]
[Result "1/2-1/2"]
[WhiteElo "2401"]
[BlackElo "2333"]
[Annotator "Primel,D"]
[PlyCount "132"]
[EventDate "2007.07.21"]
[EventType "swiss"]
[EventRounds "9"]
[EventCountry "FRA"]
[SourceTitle "EXT 2010"]
[Source "ChessBase"]
[SourceDate "2010.11.25"]
[SourceVersion "1"]
[SourceVersionDate "2010.11.25"]
[SourceQuality "1"]

1. e4 c5 2. Nf3 Nc6 3. d4 cxd4 4. c3 Nf6 5. e5 Nd5 6. Bc4 e6 (6... Nb6 $142) 7.
cxd4 (7. Bxd5 exd5 8. O-O d6) 7... d6 8. exd6 Qxd6 (8... Bxd6 9. Nc3 {[%cal
Gc3d5]}) 9. O-O Be7 10. Nc3 Nxc3 11. bxc3 O-O 12. Qe2 b6 13. Rd1 ({RR} 13. Bd3
Bb7 14. Qe4 g6 15. Bh6 Rfe8 16. Rfe1 Bf8 17. Qh4 Bxh6 18. Qxh6 Qf8 19. Qh4 Kg7
20. Re3 Qe7 21. Qf4 Qf6 22. Qg3 Rac8 23. Be4 Ba8 24. Bxc6 Bxc6 25. Ne5 h5 26.
Rae1 Red8 27. h4 Bd5 {Browne,W (2500)-Hort,V (2605)/Venice 1971/EXT 1999/0-1 
(55)}) 13... Bb7 14. d5 $6 $146 ({RR} 14. Rd3 h6 15. a4 Rfd8 16. Qe4 f5 17. Qe2
Bf6 18. Ba3 Qd7 19. Rd2 Re8 20. d5 Na5 21. dxe6 Qc8 22. Ba2 Ba6 23. e7+ Kh8 24.
Qe3 Bc4 25. Ne5 Bxa2 26. Raxa2 Bxe5 27. Qxe5 Nc4 28. Qe2 Nxa3 {Karaklajic,N 
(2378)-Vasovski,N (2375)/Subotica 1999/EXT 2005/0-1 (31)}) 14... exd5 15. Bxd5
Qc7 $11 {[%csl Rc3]} 16. Qc4 Bf6 17. Bf4 Qc8 18. Bg5 Na5 19. Qxc8 (19. Qf4 Bxc3
20. Rac1 $44) 19... Rfxc8 20. Bxf6 Bxd5 21. Rxd5 gxf6 22. Rc1 Rc4 23. Nd4 Re8
24. Kf1 Nc6 25. Nf5 Re5 26. Ne3 Ra4 27. Rc2 Ne7 28. Rd4 Rea5 29. Rd7 Nf5 (29...
Kf8) 30. Nxf5 Rxf5 31. g3 Ra3 32. Re7 h5 33. Kg2 Kg7 34. Rd2 Rxc3 35. Rdd7 Rc2
36. Rxf7+ Kg8 37. Rh7 Rfxf2+ 38. Kg1 Rg2+ 39. Kf1 Rcf2+ 40. Ke1 Re2+ 41. Kd1
Re8 42. Rhg7+ Kh8 43. Rh7+ Kg8 44. Rdg7+ Kf8 45. Rxa7 Kg8 46. Rxh5 Rd8+ 47. Kc1
Rdd2 48. Rf5 Rc2+ 49. Kb1 Rce2 50. Rf1 Rxh2 51. Rc1 Rb2+ 52. Ka1 Rbc2 53. Rxc2
Rxc2 54. Rb7 Rc6 55. Kb2 Re6 56. a4 f5 57. Kb3 Rg6 58. Kb4 Rxg3 59. Rxb6 Kf7
60. a5 Rg1 61. Rb5 Ra1 62. Kc5 f4 63. Kb6 Ke6 64. a6 f3 65. Rb2 Ke5 66. a7 Kf4
1/2-1/2

[Event "Avoine op 22nd"]
[Site "Avoine"]
[Date "2007.07.25"]
[Round "5"]
[White "Schmittdiel, Eckhard"]
[Black "Fedorchuk, Sergey A"]
[Result "1/2-1/2"]
[WhiteElo "2436"]
[BlackElo "2618"]
[Annotator "Primel,D"]
[PlyCount "106"]
[EventDate "2007.07.21"]
[EventType "swiss"]
[EventRounds "9"]
[EventCountry "FRA"]
[SourceTitle "EXT 2010"]
[Source "ChessBase"]
[SourceDate "2010.11.25"]
[SourceVersion "1"]
[SourceVersionDate "2010.11.25"]
[SourceQuality "1"]

1. e4 c5 2. c3 d5 (2... Nf6) 3. exd5 Qxd5 4. d4 e6 5. Nf3 Nf6 6. Nbd2 cxd4 7.
Bc4 Qh5 (7... Qd8) 8. Nxd4 Qxd1+ 9. Kxd1 a6 ({RR} 9... Bd7 10. Nb5 Kd8 11. Nf3
a6 12. Nbd4 Nc6 13. Bf4 Nxd4 14. Nxd4 Bc5 15. Ke2 Rc8 16. Nb3 Nh5 17. Be5 f6
18. Bg3 Bxf2 19. Bxf2 Rxc4 20. Na5 Re4+ 21. Be3 Kc8 22. Rhd1 Re5 23. b4 b6 24.
Nb3 {Schmittdiel,E (2505)-Ruzele,D (2515)/Boeblingen 1999/EXT 2001/1/2-1/2 (74)
}) 10. a4 $146 ({RR} 10. Re1 Bd7 11. Ne4 {RR} Nc6 12. Nxf6+ gxf6 13. Nxc6 Bxc6
14. Bf1 Rg8 15. g3 O-O-O+ 16. Kc2 Bc5 17. Be3 Be4+ 18. Kb3 Bxe3 19. Rxe3 f5 20.
f3 Bc6 21. Bd3 h5 22. f4 h4 23. c4 Rh8 24. Rd1 hxg3 25. hxg3 Rh2 26. Bc2 {
Alexopoulos,G (2235)-Wojtkiewicz,A (2580)/New York 1993/EXT 2006/0-1 (56)})
10... Bd7 11. N2f3 Nc6 12. Bf4 Rc8 13. Bb3 Bc5 (13... Na5) 14. Nxc6 Bxc6 15.
Ke2 Bd5 16. Bxd5 Nxd5 17. Bg3 h5 18. Rhd1 Ke7 19. c4 Nb4 20. Be5 f6 21. Bc3 e5
22. b3 Rhd8 23. Ne1 Ke6 24. f3 g5 25. h3 g4 26. hxg4 hxg4 27. Rxd8 Rxd8 28.
fxg4 Bd4 29. Rd1 Nc6 30. Bd2 Ba7 31. Bc3 Rg8 32. Kf3 Bd4 33. Bd2 f5 34. gxf5+
Kxf5 35. b4 e4+ 36. Ke2 Ne5 37. c5 Rg3 38. Bf4 Kxf4 39. Rxd4 Rb3 40. Nc2 Rg3
41. Ne1 Re3+ 42. Kd2 Rb3 43. Nc2 Rg3 44. Ne1 Rb3 45. Nc2 Nc6 46. Rd7 Nxb4 47.
Rxb7 Rd3+ 48. Kc1 Nxc2 49. Kxc2 Rd5 50. c6 Rc5+ 51. Kd2 Rxc6 52. Rf7+ Kg3 53.
Ke3 Rc3+ 1/2-1/2